| 000 | 00463nam a2200181Ia 4500 | ||
|---|---|---|---|
| 008 | 151202s9999||||xx |||||||||||||| ||und|| | ||
| 082 | _bPNVM-20054 | ||
| 100 | _aMAY HENRY JOHN. | ||
| 245 | _aLITTLE YELLOW GENTLEMEN. | ||
| 260 | _b"CASSELL & CO,LONDON." | ||
| 260 | _c1937 | ||
| 300 | _a269 | ||
| 600 | _aMAY HENRY JOHN. | ||
| 630 | _aLITTLE YELLOW GENTLEMEN. | ||
| 700 | _aMAY HENRY JOHN. | ||
| 730 | _aLITTLE YELLOW GENTLEMEN. | ||
| 942 | _cBOOK | ||
| 999 |
_c1286034 _d1286031 |
||